| 000 | 00703nam a22001937a 4500 | ||
|---|---|---|---|
| 005 | 20180803165449.0 | ||
| 008 | 130724b2009 ck ||||| |||| 00| 0 spa d | ||
| 020 | _a9789584454263 | ||
| 041 | _aspa | ||
| 044 | _ack | ||
| 082 |
_a333.7 _bC267a |
||
| 245 | _aAvances de la gestión en áreas protegidas a nivel departamental y municipal | ||
| 260 |
_aPereira (Risaralda, Departamento Colombia) _bCorporación Autónoma Regional de Risaralda -CARDER _c2009 |
||
| 300 |
_a80 p. _bil., mapas, tablas. _c27 cm. |
||
| 650 |
_aÁreas protegidas _zRisaralda (Colombia) _9997 |
||
| 650 |
_aGestión ambiental _992206 |
||
| 710 |
_aCorporación Autónoma Regional de Risaralda -CARDER _9998 |
||
| 942 |
_2ddc _cIMPRESO |
||
| 999 |
_c7462 _d7462 |
||